[Event "GBR-ch105 Major Open"]
[Site "Hull"]
[Date "2018.08.02"]
[Round "6"]
[White "Thatte, Nishchal"]
[Black "Robertson, Jim"]
[Result "1/2-1/2"]
[WhiteElo "1748"]
[BlackElo "1604"]
[PlyCount "82"]
[EventDate "2018.07.28"]
[EventType "swiss"]
[EventRounds "9"]
[EventCountry "GBR"]
[SourceTitle "CBM 185 Extra"]
[Source "ChessBase"]
[SourceDate "2018.06.29"]
[SourceVersion "1"]
[SourceVersionDate "2018.06.29"]
[SourceQuality "1"]

1. e4 c6 2. d4 d5 3. Nd2 dxe4 4. Nxe4 Bf5 5. Ng3 Bg6 6. h4 h6 7. Nf3 Nd7 8. h5
Bh7 9. Bd3 Bxd3 10. Qxd3 e6 11. Bf4 Qa5+ 12. Bd2 Bb4 13. c3 Be7 14. Ne4 Ngf6
15. c4 Qc7 16. O-O-O O-O-O 17. Nc3 Rhe8 18. Kb1 Ng4 19. Qe2 Kb8 20. Rhe1 Ka8
21. d5 exd5 22. cxd5 Bc5 23. Qxe8 Rxe8 24. Rxe8+ Nb8 25. Be1 Qd7 26. Re2 Qf5+
27. Ka1 Nf6 28. d6 Nbd7 29. Na4 Bxd6 30. Rxd6 Qf4 31. Red2 Qxa4 32. Ne5 Qe4 33.
Nxd7 Nd5 34. Rd1 Qe7 35. Bb4 Nxb4 36. Nc5 Nd5 37. Rd7 Qe8 38. Rxb7 Qe2 39. Rc1
Qd2 40. Nb3 Qxc1+ 41. Nxc1 Kxb7 1/2-1/2

[Event "GBR-ch105 Major Open"]
[Site "Hull"]
[Date "2018.08.02"]
[Round "6"]
[White "Verma, Shlok"]
[Black "Sheppard, Derek Alan"]
[Result "1/2-1/2"]
[WhiteElo "1623"]
[BlackElo "1747"]
[PlyCount "73"]
[EventDate "2018.07.28"]
[EventType "swiss"]
[EventRounds "9"]
[EventCountry "GBR"]
[SourceTitle "CBM 185 Extra"]
[Source "ChessBase"]
[SourceDate "2018.06.29"]
[SourceVersion "1"]
[SourceVersionDate "2018.06.29"]
[SourceQuality "1"]

1. d4 e6 2. e4 d5 3. exd5 exd5 4. Bd3 Nc6 5. Nf3 Bd6 6. O-O Nge7 7. Bg5 f6 8.
Bh4 O-O 9. c3 Bf5 10. Qc2 Qd7 11. Nbd2 Rae8 12. Rfe1 Bxd3 13. Qxd3 Nf5 14. Bg3
Nxg3 15. hxg3 Qf7 16. Rxe8 Rxe8 17. Re1 Rxe1+ 18. Nxe1 Qe6 19. Nef3 Nd8 20. Kf1
c6 21. b4 b5 22. Nb3 Nb7 23. a3 g6 24. Qe2 Qxe2+ 25. Kxe2 Kf7 26. Ne1 Ke6 27.
Nd3 Kf5 28. Kf3 h5 29. Nb2 g5 30. Nd1 g4+ 31. Ke2 Kg5 32. Nb2 Kf5 33. Ke3 Bf8
34. Nd3 Bd6 35. Nb2 Bf8 36. Nd3 Bd6 37. Ndc5 1/2-1/2

[Event "GBR-ch105 Major Open"]
[Site "Hull"]
[Date "2018.08.02"]
[Round "6"]
[White "Villiers, Thomas"]
[Black "Hubbard, Michael"]
[Result "1-0"]
[WhiteElo "2173"]
[BlackElo "1888"]
[PlyCount "51"]
[EventDate "2018.07.28"]
[EventType "swiss"]
[EventRounds "9"]
[EventCountry "GBR"]
[SourceTitle "CBM 185 Extra"]
[Source "ChessBase"]
[SourceDate "2018.06.29"]
[SourceVersion "1"]
[SourceVersionDate "2018.06.29"]
[SourceQuality "1"]

1. e4 d6 2. Bc4 Nf6 3. Nc3 c6 4. d4 Bg4 5. f3 Bh5 6. g4 Bg6 7. h4 h5 8. g5 d5
9. Bb3 Nfd7 10. exd5 cxd5 11. Nxd5 e5 12. Qe2 Nc6 13. Be3 Bd6 14. dxe5 Bxe5 15.
f4 Be4 16. Bb6 Nxb6 17. Qxe4 Nxd5 18. Bxd5 Qa5+ 19. Kf1 O-O 20. fxe5 Rae8 21.
Nf3 Qb5+ 22. Kg2 Qxb2 23. g6 Nxe5 24. gxf7+ Nxf7 25. Bxf7+ Kxf7 26. Ng5+ 1-0

[Event "GBR-ch105 Major Open"]
[Site "Hull"]
[Date "2018.08.02"]
[Round "6"]
[White "Whitehead, Mark A"]
[Black "Stoyanov, Viktor"]
[Result "0-1"]
[WhiteElo "1906"]
[BlackElo "2177"]
[PlyCount "62"]
[EventDate "2018.07.28"]
[EventType "swiss"]
[EventRounds "9"]
[EventCountry "GBR"]
[SourceTitle "CBM 185 Extra"]
[Source "ChessBase"]
[SourceDate "2018.06.29"]
[SourceVersion "1"]
[SourceVersionDate "2018.06.29"]
[SourceQuality "1"]

1. e4 c5 2. Nc3 e6 3. g3 d5 4. d3 d4 5. Nce2 b6 6. Bg2 Bb7 7. Nh3 h5 8. f3 Nc6
9. Bg5 Be7 10. Bxe7 Ngxe7 11. Qd2 Qd7 12. a3 O-O-O 13. Ng5 Ng6 14. Bh3 Rde8 15.
f4 Nf8 16. f5 Ne5 17. O-O Kb8 18. Qf4 Qc7 19. fxe6 fxe6 20. Qd2 Rh6 21. Nf4 Qe7
22. Ng2 Nfd7 23. Nh4 Rf8 24. Rxf8+ Nxf8 25. Rf1 Rf6 26. Rf4 Bc8 27. Qe2 Rxf4
28. gxf4 Neg6 29. Nxg6 Nxg6 30. Qxh5 Nxf4 31. Qg4 Qxg5 0-1

[Event "GBR-ch105 Major Open"]
[Site "Hull"]
[Date "2018.08.02"]
[Round "6"]
[White "Willow, Jonah B"]
[Black "Royal, Shreyas"]
[Result "1/2-1/2"]
[WhiteElo "2265"]
[BlackElo "1927"]
[PlyCount "145"]
[EventDate "2018.07.28"]
[EventType "swiss"]
[EventRounds "9"]
[EventCountry "GBR"]
[SourceTitle "CBM 185 Extra"]
[Source "ChessBase"]
[SourceDate "2018.06.29"]
[SourceVersion "1"]
[SourceVersionDate "2018.06.29"]
[SourceQuality "1"]

1. e4 c5 2. Nf3 d6 3. d4 cxd4 4. Qxd4 Nf6 5. Nc3 a6 6. e5 Nc6 7. Qa4 dxe5 8.
Nxe5 Bd7 9. Nxd7 Qxd7 10. Bd2 g6 11. O-O-O Bg7 12. Kb1 Qg4 13. h3 Qxa4 14. Nxa4
Nd7 15. Bc3 e5 16. Bc4 O-O-O 17. Bd5 Kc7 18. Bxc6 Kxc6 19. Bb4 b5 20. Rd6+ Kc7
21. Rhd1 bxa4 22. Ba5+ Kc8 23. Rc6+ Kb8 24. Rcd6 Kc8 25. Rc6+ Kb8 26. Bxd8 Rxd8
27. Rxa6 e4 28. Rxa4 f5 29. Ra6 Be5 30. Re6 Kc7 31. c3 Bf4 32. Kc2 Bg5 33. Ra6
f4 34. b4 e3 35. fxe3 fxe3 36. Ra7+ Kc8 37. Ra8+ Kc7 38. Ra7+ Kb8 39. Ra5 Bf4
40. Rad5 Kc7 41. R5d4 g5 42. Rc4+ Kb7 43. Re4 Nf6 44. Re7+ Kc8 45. c4 Nh5 46.
Rd3 Ng3 47. Rexe3 Bxe3 48. Rxe3 Nf5 49. Re5 Rf8 50. Kd3 h6 51. c5 Nh4 52. Re6
Rf2 53. Rxh6 Rxg2 54. b5 Rxa2 55. Kc4 Rc2+ 56. Kd5 Nf5 57. Rh8+ Kd7 58. c6+ Kc7
59. Rh7+ Kb6 60. Rb7+ Ka5 61. b6 Ne3+ 62. Ke4 Rxc6 63. Kxe3 Rxb6 64. Rh7 Rb3+
65. Ke4 Rg3 66. Rh5 Kb6 67. Kf5 Kc6 68. Rh6+ Kd7 69. Rh5 Ke7 70. Rxg5 Rxg5+ 71.
Kxg5 Kf7 72. Kh6 Kg8 73. h4 1/2-1/2

[Event "GBR-ch105 Major Open"]
[Site "Hull"]
[Date "2018.08.03"]
[Round "7"]
[White "Brewer, Callum D"]
[Black "Ramaiya, Anshu"]
[Result "1/2-1/2"]
[WhiteElo "2064"]
[BlackElo "1846"]
[PlyCount "56"]
[EventDate "2018.07.28"]
[EventType "swiss"]
[EventRounds "9"]
[EventCountry "GBR"]
[SourceTitle "CBM 185 Extra"]
[Source "ChessBase"]
[SourceDate "2018.06.29"]
[SourceVersion "1"]
[SourceVersionDate "2018.06.29"]
[SourceQuality "1"]

1. e4 c5 2. Nf3 Nc6 3. Bb5 g6 4. O-O Bg7 5. Re1 Nd4 6. Bc4 d6 7. c3 Nc6 8. d4
cxd4 9. cxd4 Nf6 10. h3 O-O 11. Nc3 e6 12. Bf1 d5 13. e5 Ne8 14. Bf4 a6 15. Qd2
f6 16. Rac1 Bd7 17. g4 fxe5 18. Nxe5 Nxe5 19. dxe5 Bc6 20. Qd4 Qd7 21. Bd3 Nc7
22. Bg3 Rf7 23. f4 Bh6 24. Rf1 Nb5 25. Nxb5 Bxb5 26. Bxb5 axb5 27. g5 Bf8 28.
a3 Ra4 1/2-1/2

[Event "GBR-ch105 Major Open"]
[Site "Hull"]
[Date "2018.08.03"]
[Round "7"]
[White "Brown, Tom"]
[Black "Guha, Chirag"]
[Result "1/2-1/2"]
[WhiteElo "1781"]
[BlackElo "1912"]
[PlyCount "86"]
[EventDate "2018.07.28"]
[EventType "swiss"]
[EventRounds "9"]
[EventCountry "GBR"]
[SourceTitle "CBM 185 Extra"]
[Source "ChessBase"]
[SourceDate "2018.06.29"]
[SourceVersion "1"]
[SourceVersionDate "2018.06.29"]
[SourceQuality "1"]

1. d4 d5 2. c4 e6 3. Nc3 Nf6 4. Bg5 c6 5. cxd5 exd5 6. e3 Be7 7. Bd3 O-O 8.
Nge2 Nh5 9. Bxe7 Qxe7 10. Qc2 Nf6 11. O-O Nbd7 12. Ng3 Nb6 13. Rae1 Be6 14. f3
h6 15. b3 Rac8 16. Qf2 c5 17. dxc5 Qxc5 18. Nce2 Nbd7 19. Rc1 Qb6 20. Nd4 Ne5
21. Bb1 Nc6 22. Ngf5 Nxd4 23. Ne7+ Kh8 24. Nxc8 Nxf3+ 25. gxf3 Bxc8 26. e4 Qd6
27. Qc5 Qd8 28. Rfd1 Bh3 29. Bd3 Re8 30. Bf1 Bxf1 31. Kxf1 Qd7 32. Qf2 Qb5+ 33.
Qe2 Qxe2+ 34. Kxe2 dxe4 35. fxe4 Nxe4 36. Kf1 Re7 37. Rd8+ Kh7 38. Rcd1 Nf6 39.
Rc1 g5 40. Rdc8 Nd5 41. Kf2 Kg6 42. Re1 Rd7 43. Rd1 Kf6 1/2-1/2

[Event "GBR-ch105 Major Open"]
[Site "Hull"]
[Date "2018.08.03"]
[Round "7"]
[White "Camp, Imogen AL"]
[Black "Howell, Oliver W"]
[Result "1-0"]
[WhiteElo "1874"]
[BlackElo "1905"]
[PlyCount "55"]
[EventDate "2018.07.28"]
[EventType "swiss"]
[EventRounds "9"]
[EventCountry "GBR"]
[SourceTitle "CBM 185 Extra"]
[Source "ChessBase"]
[SourceDate "2018.06.29"]
[SourceVersion "1"]
[SourceVersionDate "2018.06.29"]
[SourceQuality "1"]

1. d4 e6 2. Nf3 f5 3. h3 Nf6 4. g4 d5 5. gxf5 exf5 6. Rg1 c5 7. dxc5 Ne4 8. Be3
Nc6 9. c3 Be6 10. Nbd2 Bxc5 11. Bxc5 Nxc5 12. Rxg7 Qf6 13. Rg1 O-O-O 14. Qc2
Kb8 15. e3 f4 16. Bd3 Rc8 17. a3 fxe3 18. fxe3 Nxd3+ 19. Qxd3 Ne5 20. Nxe5 Qxe5
21. O-O-O Bf5 22. Qd4 Qe6 23. Nf3 Rhe8 24. Qf4+ Ka8 25. Nd4 Qa6 26. Qxf5 Rc5
27. Qxh7 Rec8 28. Qc2 1-0

[Event "GBR-ch105 Major Open"]
[Site "Hull"]
[Date "2018.08.03"]
[Round "7"]
[White "Cowan, Richard M"]
[Black "Cusick, Peter W"]
[Result "1/2-1/2"]
[WhiteElo "1865"]
[BlackElo "1947"]
[PlyCount "35"]
[EventDate "2018.07.28"]
[EventType "swiss"]
[EventRounds "9"]
[EventCountry "GBR"]
[SourceTitle "CBM 185 Extra"]
[Source "ChessBase"]
[SourceDate "2018.06.29"]
[SourceVersion "1"]
[SourceVersionDate "2018.06.29"]
[SourceQuality "1"]

1. e4 c6 2. d4 d5 3. e5 c5 4. dxc5 e6 5. Be3 Nd7 6. Bb5 Ne7 7. Bxd7+ Bxd7 8. c3
Nc6 9. Nf3 Qc7 10. Bd4 Nxd4 11. cxd4 b6 12. cxb6 Qxb6 13. Qb3 Qa6 14. Nc3 Be7
15. Nd2 O-O 16. f4 Rab8 17. Qc2 Qb6 18. Qd3 1/2-1/2

[Event "GBR-ch105 Major Open"]
[Site "Hull"]
[Date "2018.08.03"]
[Round "7"]
[White "Davis, Holden"]
[Black "Salmons, Calum"]
[Result "0-1"]
[WhiteElo "1782"]
[BlackElo "1923"]
[PlyCount "118"]
[EventDate "2018.07.28"]
[EventType "swiss"]
[EventRounds "9"]
[EventCountry "GBR"]
[SourceTitle "CBM 185 Extra"]
[Source "ChessBase"]
[SourceDate "2018.06.29"]
[SourceVersion "1"]
[SourceVersionDate "2018.06.29"]
[SourceQuality "1"]

1. e4 c5 2. d4 cxd4 3. c3 Nf6 4. e5 Nd5 5. Nf3 Nc6 6. cxd4 d6 7. Bc4 Nb6 8. Bb5
a6 9. Bxc6+ bxc6 10. O-O g6 11. Bf4 Bg7 12. exd6 exd6 13. Re1+ Be6 14. Ng5 Qd7
15. Ne4 Nc8 16. Bh6 O-O 17. Bxg7 Kxg7 18. Qf3 Bf5 19. Nbc3 Ne7 20. Rad1 Bxe4
21. Nxe4 Nd5 22. Qg3 Rab8 23. Re2 Rfd8 24. Rde1 Rb4 25. Nc3 Rxd4 26. Nxd5 Rxd5
27. Qc3+ Kg8 28. Re7 Qc8 29. h3 Rf8 30. Qe3 Qb8 31. Qc3 Rc5 32. Qd4 Rc2 33. Rd7
d5 34. g3 Qxb2 35. Qf4 Kg7 36. Ree7 Qc1+ 37. Qxc1 Rxc1+ 38. Kg2 Kf6 39. Ra7 Rc2
40. Rec7 Rxa2 41. Rxc6+ Ke5 42. Raxa6 Rxa6 43. Rxa6 f5 44. Kf3 f4 45. g4 Rf7
46. h4 Rb7 47. Ra4 Rb3+ 48. Ke2 f3+ 49. Kd2 d4 50. Kc2 Rc3+ 51. Kd2 Rb3 52. Kc2
Rb7 53. Kd3 Rb2 54. Ra5+ Kf4 55. Kxd4 Kxg4 56. Ra4 Rxf2 57. Ke3+ Kg3 58. Ra5
Re2+ 59. Kd3 Kxh4 0-1

[Event "GBR-ch105 Major Open"]
[Site "Hull"]
[Date "2018.08.03"]
[Round "7"]
[White "Easwar, Dhruv"]
[Black "Watson, Steven L"]
[Result "1/2-1/2"]
[WhiteElo "1793"]
[BlackElo "1613"]
[PlyCount "51"]
[EventDate "2018.07.28"]
[EventType "swiss"]
[EventRounds "9"]
[EventCountry "GBR"]
[SourceTitle "CBM 185 Extra"]
[Source "ChessBase"]
[SourceDate "2018.06.29"]
[SourceVersion "1"]
[SourceVersionDate "2018.06.29"]
[SourceQuality "1"]

1. e4 e5 2. Nf3 Nc6 3. Bb5 a6 4. Ba4 Nf6 5. O-O Be7 6. Re1 b5 7. Bb3 O-O 8. a4
Bb7 9. Nc3 b4 10. Nd5 d6 11. Nxe7+ Nxe7 12. d3 Ng6 13. g3 c5 14. h4 h6 15. Nh2
Bc8 16. h5 Ne7 17. g4 Nh7 18. Qf3 Be6 19. Qg3 Bxb3 20. cxb3 Nc6 21. Qf3 Nd4 22.
Qd1 Qh4 23. Kg2 Ng5 24. Bxg5 Qxg5 25. Kh1 Qf4 26. Kg2 1/2-1/2

[Event "GBR-ch105 Major Open"]
[Site "Hull"]
[Date "2018.08.03"]
[Round "7"]
[White "Evans, Nicholas Thomas"]
[Black "Cooper, John G ENG"]
[Result "0-1"]
[WhiteElo "1885"]
[BlackElo "2192"]
[PlyCount "132"]
[EventDate "2018.07.28"]
[EventType "swiss"]
[EventRounds "9"]
[EventCountry "GBR"]
[SourceTitle "CBM 185 Extra"]
[Source "ChessBase"]
[SourceDate "2018.06.29"]
[SourceVersion "1"]
[SourceVersionDate "2018.06.29"]
[SourceQuality "1"]

1. d4 d5 2. Nf3 e6 3. c4 c5 4. cxd5 exd5 5. g3 Nc6 6. Bg2 Nf6 7. O-O Be7 8. Nc3
O-O 9. Bg5 cxd4 10. Nxd4 h6 11. Be3 Bg4 12. h3 Be6 13. Rc1 Qd7 14. Kh2 Rac8 15.
Nxc6 bxc6 16. Na4 Qb7 17. Qd4 Bf5 18. Nc5 Bxc5 19. Rxc5 Nd7 20. Ra5 Nb6 21. Rc1
Rfe8 22. b3 Re6 23. Bf3 Qd7 24. h4 Rce8 25. Rc3 f6 26. Qb4 Nc8 27. Bc5 g5 28.
Bh5 Re4 29. Bxe8 Qxe8 30. Qb8 gxh4 31. Rxa7 Qh5 32. g4 Qxg4 33. Rb7 Rxe2 34.
Qc7 Qg6 35. Rf3 Re1 36. Qg7+ Qxg7 37. Rxg7+ Kxg7 38. Rxf5 Ne7 39. Rf3 Ng6 40.
a4 Ne5 41. Rc3 Rd1 42. b4 d4 43. Ra3 d3 44. f4 Ng4+ 45. Kg2 h3+ 46. Kxh3 d2 47.
Kxg4 Rg1+ 48. Bxg1 d1=Q+ 49. Kh4 Kf7 50. Bc5 f5 51. Kh3 Qg4+ 52. Kh2 Qxf4+ 53.
Kg2 Qg4+ 54. Kf2 Qh4+ 55. Kg2 Qg5+ 56. Kh3 f4 57. a5 Qh5+ 58. Kg2 Qe2+ 59. Bf2
Qe4+ 60. Rf3 Ke6 61. a6 Kf5 62. a7 c5 63. Bxc5 Kg4 64. Bf2 Qxf3+ 65. Kg1 Kh3
66. b5 Qg2# 0-1

[Event "GBR-ch105 Major Open"]
[Site "Hull"]
[Date "2018.08.03"]
[Round "7"]
[White "Gardiner, Eric D"]
[Black "Sivarajasingam, Shayanna"]
[Result "1-0"]
[WhiteElo "1939"]
[BlackElo "1780"]
[PlyCount "61"]
[EventDate "2018.07.28"]
[EventType "swiss"]
[EventRounds "9"]
[EventCountry "GBR"]
[SourceTitle "CBM 185 Extra"]
[Source "ChessBase"]
[SourceDate "2018.06.29"]
[SourceVersion "1"]
[SourceVersionDate "2018.06.29"]
[SourceQuality "1"]

1. e4 e6 2. d4 d5 3. e5 c5 4. c3 Nc6 5. Nf3 Qb6 6. a3 c4 7. Nbd2 Na5 8. Be2 Bd7
9. O-O Ne7 10. Rb1 Nf5 11. b3 cxb3 12. Nxb3 Ba4 13. Nfd2 Rc8 14. Qe1 Nxb3 15.
Nxb3 Bxb3 16. Bd1 Qa6 17. Rxb3 Nxd4 18. cxd4 Rxc1 19. Rxb7 Qxb7 20. Ba4+ Kd8
21. Qxc1 Be7 22. Qc3 Qc7 23. Bc6 Qb6 24. g3 g6 25. Rc1 Bg5 26. f4 Bh6 27. Bb5
Ke7 28. Qb4+ Kd8 29. Rc6 Qb8 30. Rd6+ Kc8 31. Ba6+ 1-0

[Event "GBR-ch105 Major Open"]
[Site "Hull"]
[Date "2018.08.03"]
[Round "7"]
[White "Garnett, John S"]
[Black "Jaufarally, Nadia"]
[Result "0-1"]
[WhiteElo "1916"]
[BlackElo "1988"]
[PlyCount "84"]
[EventDate "2018.07.28"]
[EventType "swiss"]
[EventRounds "9"]
[EventCountry "GBR"]
[SourceTitle "CBM 185 Extra"]
[Source "ChessBase"]
[SourceDate "2018.06.29"]
[SourceVersion "1"]
[SourceVersionDate "2018.06.29"]
[SourceQuality "1"]

1. d4 Nf6 2. Bg5 d5 3. e3 c5 4. Bxf6 gxf6 5. c4 dxc4 6. Bxc4 cxd4 7. Nc3 Nc6 8.
Qh5 e6 9. O-O-O Qa5 10. Qxa5 Nxa5 11. Bb5+ Ke7 12. Rxd4 f5 13. Nge2 a6 14. Ba4
Bg7 15. Rd3 b5 16. Bc2 Bb7 17. Rhd1 Bxg2 18. Rg1 Bxc3 19. Rxc3 Rhg8 20. Rc7+
Kf6 21. Nf4 Bf3 22. Rxg8 Rxg8 23. Ra7 Nc6 24. Rc7 Nb4 25. Bb3 Rg1+ 26. Kd2 Rf1
27. a3 Rxf2+ 28. Kc3 Nc6 29. h3 Na5 30. Ra7 Nxb3 31. Kxb3 Bd1+ 32. Ka2 Be2 33.
Rxa6 Bc4+ 34. Kb1 Bb3 35. Kc1 Rc2+ 36. Kb1 Rd2 37. Rc6 Rd1+ 38. Rc1 Rxc1+ 39.
Kxc1 Bc4 40. Kc2 e5 41. b3 exf4 42. bxc4 f3 0-1

[Event "GBR-ch105 Major Open"]
[Site "Hull"]
[Date "2018.08.03"]
[Round "7"]
[White "Hubbard, Michael"]
[Black "Boswell, Jacob Connor"]
[Result "1-0"]
[WhiteElo "1888"]
[BlackElo "1992"]
[PlyCount "175"]
[EventDate "2018.07.28"]
[EventType "swiss"]
[EventRounds "9"]
[EventCountry "GBR"]
[SourceTitle "CBM 185 Extra"]
[Source "ChessBase"]
[SourceDate "2018.06.29"]
[SourceVersion "1"]
[SourceVersionDate "2018.06.29"]
[SourceQuality "1"]

1. Nf3 Nf6 2. g3 d5 3. Bg2 e6 4. d3 Be7 5. O-O O-O 6. Nbd2 c5 7. e4 Nc6 8. Re1
b5 9. e5 Nd7 10. Nf1 Bb7 11. Bf4 Qc7 12. h4 Rfc8 13. N1h2 Bf8 14. h5 h6 15. Qd2
Qd8 16. Qe2 Kh8 17. g4 Be7 18. Qd2 Kh7 19. g5 hxg5 20. Nxg5+ Bxg5 21. Bxg5 Qf8
22. Ng4 Nd4 23. c3 Nf5 24. c4 Rc7 25. cxd5 Bxd5 26. Bxd5 exd5 27. Qf4 Nd4 28.
Rad1 Rc6 29. Kg2 Ne6 30. Qf5+ Kg8 31. Be3 f6 32. h6 fxe5 33. Qxf8+ Rxf8 34.
hxg7 Nxg7 35. Nh6+ Kh7 36. Rh1 Kg6 37. Rdg1 Nf5 38. Kf1+ Kf6 39. Nxf5 Kxf5 40.
Rg5+ Ke6 41. Rh7 d4 42. Bd2 a6 43. a3 Rf7 44. Rh6+ Rf6 45. Rh8 Nf8 46. Ke2 Rc7
47. Rgg8 Rcf7 48. f4 exf4 49. Kf3 Ng6 50. Re8+ Kd6 51. Rh5 Rf5 52. Rh6 R7f6 53.
Ra8 Kd5 54. Rd8+ Kc6 55. Rc8+ Kb7 56. Re8 Ne5+ 57. Rxe5 Rxh6 58. Rxf5 Rh3+ 59.
Ke4 Rh2 60. Bxf4 Rxb2 61. Rxc5 Rb3 62. Bc1 Kb6 63. Rc8 Kb7 64. Rc2 Kb6 65. Kxd4
a5 66. Rb2 Rxa3 67. Rxb5+ Kxb5 68. Bxa3 Ka4 69. Bd6 Kb5 70. Ke5 a4 71. Ba3 Kb6
72. Ke6 Kc7 73. d4 Kd8 74. Kd6 Kc8 75. Ke7 Kc7 76. d5 Kb6 77. d6 Kb5 78. d7 Kc4
79. d8=Q Kb3 80. Qd6 Kc4 81. Ke6 Kc3 82. Ke5 Kc2 83. Qd4 Kb3 84. Qc5 Ka2 85.
Kd4 Kb3 86. Kd3 Ka2 87. Qb4 Ka1 88. Qb2# 1-0

[Event "GBR-ch105 Major Open"]
[Site "Hull"]
[Date "2018.08.03"]
[Round "7"]
[White "Jamroz, Viktor"]
[Black "Ruane, Brendan J"]
[Result "1-0"]
[WhiteElo "1719"]
[BlackElo "1868"]
[PlyCount "55"]
[EventDate "2018.07.28"]
[EventType "swiss"]
[EventRounds "9"]
[EventCountry "GBR"]
[SourceTitle "CBM 185 Extra"]
[Source "ChessBase"]
[SourceDate "2018.06.29"]
[SourceVersion "1"]
[SourceVersionDate "2018.06.29"]
[SourceQuality "1"]

1. e4 e5 2. Nf3 Nc6 3. Bb5 Nge7 4. d4 exd4 5. Nxd4 g6 6. O-O Bg7 7. Be3 O-O 8.
Nc3 a6 9. Bxc6 bxc6 10. Qd2 d5 11. Bh6 Bxh6 12. Qxh6 dxe4 13. Rad1 Qe8 14. Nxe4
f6 15. Rfe1 Qf7 16. Nc5 Nf5 17. Qf4 Nxd4 18. Rxd4 Bf5 19. g4 Bc8 20. Rde4 g5
21. Qg3 f5 22. Re7 f4 23. Qc3 Qg6 24. Ne6 Rf6 25. Rg7+ Qxg7 26. Nxg7 Kxg7 27.
Re7+ Kg6 28. Qd3+ 1-0

[Event "GBR-ch105 Major Open"]
[Site "Hull"]
[Date "2018.08.03"]
[Round "7"]
[White "Jones, Steven"]
[Black "Janiszewski, Maciej"]
[Result "0-1"]
[WhiteElo "2203"]
[BlackElo "2130"]
[PlyCount "92"]
[EventDate "2018.07.28"]
[EventType "swiss"]
[EventRounds "9"]
[EventCountry "GBR"]
[SourceTitle "CBM 185 Extra"]
[Source "ChessBase"]
[SourceDate "2018.06.29"]
[SourceVersion "1"]
[SourceVersionDate "2018.06.29"]
[SourceQuality "1"]

1. e4 d5 2. exd5 Nf6 3. d4 Bg4 4. Bb5+ Nbd7 5. Be2 Bxe2 6. Qxe2 Nxd5 7. Nf3 c6
8. O-O Qc7 9. c4 Nf4 10. Qe4 Ng6 11. Nc3 Nf6 12. Qc2 e6 13. Re1 Be7 14. b3 O-O
15. g3 Rad8 16. Bb2 Qa5 17. a3 Qh5 18. Qe2 Ng4 19. Kg2 e5 20. h3 exd4 21. hxg4
Qxg4 22. Qe4 f5 23. Qe6+ Rf7 24. Re4 dxc3 25. Rxg4 cxb2 26. Rb1 fxg4 27. Nh2
Bxa3 28. Nxg4 Rd2 29. Qe8+ Nf8 30. Qe5 Rc2 31. Qa5 Rc1 32. Qxa3 Rxb1 33. Qa2
Re1 34. Qxb2 h5 35. Ne3 h4 36. Qc3 Re2 37. Ng4 hxg3 38. Kxg3 Nd7 39. Qa5 a6 40.
Qd8+ Kh7 41. Qh4+ Kg6 42. Qh1 Nf6 43. Qb1+ Ne4+ 44. Kh3 Kh5 45. Qf1 Rf3+ 46.
Kg2 Rfxf2+ 0-1

[Event "GBR-ch105 Major Open"]
[Site "Hull"]
[Date "2018.08.03"]
[Round "7"]
[White "Karia, Rishul"]
[Black "Anilkumar, Anantha P"]
[Result "1/2-1/2"]
[WhiteElo "1836"]
[BlackElo "1903"]
[PlyCount "45"]
[EventDate "2018.07.28"]
[EventType "swiss"]
[EventRounds "9"]
[EventCountry "GBR"]
[SourceTitle "CBM 185 Extra"]
[Source "ChessBase"]
[SourceDate "2018.06.29"]
[SourceVersion "1"]
[SourceVersionDate "2018.06.29"]
[SourceQuality "1"]

1. e4 c5 2. Nc3 Nc6 3. f4 g6 4. Bc4 Bg7 5. Nf3 e6 6. O-O Nge7 7. e5 d6 8. exd6
Qxd6 9. Ne4 Qc7 10. c3 O-O 11. a4 b6 12. d3 Bb7 13. Nfg5 Qd7 14. Qg4 Nd5 15.
Qh3 h6 16. Nf3 Nce7 17. g4 f5 18. Ng3 Qe8 19. gxf5 exf5 20. Re1 Rd8 21. Ne5 Rd6
22. Bd2 Kh7 23. Re2 1/2-1/2

[Event "GBR-ch105 Major Open"]
[Site "Hull"]
[Date "2018.08.03"]
[Round "7"]
[White "McCarthy, Damian"]
[Black "Modi, Kishan Jagdish"]
[Result "1/2-1/2"]
[WhiteElo "1867"]
[BlackElo "1938"]
[PlyCount "111"]
[EventDate "2018.07.28"]
[EventType "swiss"]
[EventRounds "9"]
[EventCountry "GBR"]
[SourceTitle "CBM 185 Extra"]
[Source "ChessBase"]
[SourceDate "2018.06.29"]
[SourceVersion "1"]
[SourceVersionDate "2018.06.29"]
[SourceQuality "1"]

1. e4 c5 2. Nf3 d6 3. d4 cxd4 4. Nxd4 Nf6 5. Nc3 g6 6. Be3 Bg7 7. f3 O-O 8. Qd2
Nc6 9. Bc4 Bd7 10. O-O-O Rb8 11. Bb3 Na5 12. Bh6 Bxh6 13. Qxh6 b5 14. g4 b4 15.
Nd5 Nxb3+ 16. Nxb3 Nxd5 17. exd5 Rb6 18. h4 e5 19. Nd2 Qe7 20. g5 f5 21. h5 Qg7
22. hxg6 hxg6 23. Rh4 Rf7 24. Rdh1 Kf8 25. Qh8+ Ke7 26. Qa8 Qf8 27. Qxa7 Qb8
28. Qxb8 Rxb8 29. Rh7 Be8 30. R7h6 Rg7 31. R1h4 Bf7 32. Rc4 Rb7 33. Rhh4 f4 34.
Rc8 Bxd5 35. Rhh8 Ke6 36. Rhf8 Rbf7 37. Ne4 Rxf8 38. Rxf8 Bxe4 39. fxe4 Rf7 40.
Rxf7 Kxf7 41. Kd2 Ke6 42. c3 bxc3+ 43. Kxc3 d5 44. Kd3 f3 45. exd5+ Kxd5 46. a4
e4+ 47. Ke3 Kc4 48. a5 Kc5 49. b3 Kc6 50. b4 Kb5 51. Kf2 Ka6 52. Ke3 Kb5 53.
Kf2 Kc6 54. a6 Kb6 55. b5 Ka7 56. Ke3 1/2-1/2

[Event "GBR-ch105 Major Open"]
[Site "Hull"]
[Date "2018.08.03"]
[Round "7"]
[White "Metcalfe, Charles P"]
[Black "Cocks, Elliot"]
[Result "0-1"]
[WhiteElo "1762"]
[BlackElo "1985"]
[PlyCount "110"]
[EventDate "2018.07.28"]
[EventType "swiss"]
[EventRounds "9"]
[EventCountry "GBR"]
[SourceTitle "CBM 185 Extra"]
[Source "ChessBase"]
[SourceDate "2018.06.29"]
[SourceVersion "1"]
[SourceVersionDate "2018.06.29"]
[SourceQuality "1"]

1. d4 Nf6 2. Nf3 g6 3. c4 Bg7 4. Nc3 O-O 5. e4 d6 6. Be2 e5 7. Be3 Ng4 8. Bg5
f6 9. Bh4 g5 10. Bg3 Nh6 11. dxe5 dxe5 12. Qd5+ Kh8 13. Qxd8 Rxd8 14. Rd1 Rxd1+
15. Bxd1 Be6 16. Be2 Nc6 17. O-O g4 18. Nd2 Nd4 19. Rd1 Nxe2+ 20. Nxe2 Rd8 21.
Nc3 Nf7 22. Bh4 c6 23. Kf1 b5 24. cxb5 cxb5 25. b4 Rd3 26. Ndb1 Rxd1+ 27. Nxd1
Bxa2 28. Nbc3 Be6 29. Ne3 Nd6 30. Ke2 Kg8 31. Ned5 Kf7 32. Kd3 h5 33. f4 exf4
34. Nxf4 Bc4+ 35. Kc2 f5 36. exf5 Nxf5 37. Bf2 Nd4+ 38. Bxd4 Bxd4 39. Ne4 Be5
40. Nxh5 Bxh2 41. g3 Ke6 42. Kc3 Ke5 43. Nf2 Kf5 44. Nf6 Bxg3 45. N6xg4 Kf4 46.
Nd1 Kxg4 47. Ne3+ Kf3 48. Nxc4 bxc4 49. Kxc4 Bf2 50. Kd5 Ke3 51. Kc6 Kd4 52.
Kb5 Kd5 53. Ka6 Kc4 54. Ka5 Bb6+ 55. Ka4 Bd8 0-1